La gestión de la calidad en las institución superior. Tomo 1
| Main Authors: | , , |
|---|---|
| Format: | Section = Libro |
| Language: | Undetermined Spanish |
| Published: |
Ecuador
Universidad de La Habana
2017
|
| Subjects: |
| LEADER | 00743nam a2200241Ia 4500 | ||
|---|---|---|---|
| 008 | 240829s9999 xx 000 0 und d | ||
| 020 | |a 978-9942-17-029-3 | ||
| 040 | |a BIBLIOTECA-RUSB/ 378 A452 | ||
| 041 | |a spa | ||
| 082 | |a 378 A452 | ||
| 100 | 1 | |a Almuiñas Rivero, José Luis | |
| 100 | 1 | |b Galarza López Judith | |
| 100 | 1 | |c Ramírez, Danieska Megret | |
| 245 | 1 | 0 | |a La gestión de la calidad en las institución superior. Tomo 1 |
| 260 | |a Ecuador |b Universidad de La Habana |c 2017 | ||
| 300 | |a 484 p. :il. | ||
| 650 | 7 | |a EDUCACION SUPERIOR | |
| 650 | 7 | |b GESTIÓN DE CALIDAD | |
| 650 | 7 | |c GESTIÓN UNIVERSITARIA | |
| 650 | 7 | |d GESTIÓN DE INSTITUCIONES EDUCATIVAS SUPERIORES | |
| 942 | |c BK |2 ddc | ||
| 991 | |a TEXTO | ||
| 999 | |c 1159 | ||